000 00301nam a2200133Ia 4500
008 191201s2004 xx 000 0 und d
100 _aGUPTA,R.L
245 0 _aFundamentals of Accounting
250 _aRep
260 _aN. Delhi
_bSultan Chand
_c2004
300 _aMISC
650 _aBBA
942 _2ddc
_cBK
999 _c44
_d44